01006nam a2200277Ia 450000500170000000800410001702000180005804100080007608200170008410000300010124500430013125000180017430000580019249000210025065000310027165100530030265100430035594200120039826400490041033600270045933700330048633800280051904000350054799900150058295201310059720220317001749.0170328s2013 m o g 000 0 s  a9789681685829 aspa04a070.44bP65j1 aPoniatowska, Elenad1932-10aJardín de FranciacElena Poniatowska a1a. edición a430 páginasbfotografías en blanco y negroc23 cm aLetras mexicanas142LEMBaCrónicas mexicanas 4aParis (Francia)vVida social y costumbres990202 4aParis (Francia)vVida cotidiana990203 2ddccBK aMéxicobFondo de Cultura Económicac2013 atextobtxt2rdacontent asin mediaciónbn2rdamedia avolumenbnc2rdacarrier aCO-BoRNBPbspaerdacCO-BoRNBP c8011d8011 00102ddc40708GENaMELAJULIbMELAJULIcGENd2025-10-15l0o070.44 P65jpJUL00080r2025-10-15 21:21:46tEj.1w2025-10-15yBK